| 000 -LEADER |
| fixed length control field |
01455cam a2200385 a 4500 |
| 001 - CONTROL NUMBER |
| control field |
13357554 |
| 003 - CONTROL NUMBER IDENTIFIER |
| control field |
NUST |
| 005 - DATE AND TIME OF LATEST TRANSACTION |
| control field |
20200123120704.0 |
| 008 - FIXED-LENGTH DATA ELEMENTS--GENERAL INFORMATION |
| fixed length control field |
030930r20041983nyu 000 1 eng |
| 010 ## - LIBRARY OF CONGRESS CONTROL NUMBER |
| LC control number |
2003066306 |
| 020 ## - INTERNATIONAL STANDARD BOOK NUMBER |
| International Standard Book Number |
0743464656 |
| 038 ## - RECORD CONTENT LICENSOR |
| Staff Name |
MSOHAIL |
| 040 ## - CATALOGING SOURCE |
| Original cataloging agency |
DLC |
| Transcribing agency |
DLC |
| Modifying agency |
DLC |
| 043 ## - GEOGRAPHIC AREA CODE |
| Geographic area code |
aw----- |
| 050 00 - LIBRARY OF CONGRESS CALL NUMBER |
| Classification number |
PR6062.E33 |
| Item number |
L5 2004 |
| 082 00 - DEWEY DECIMAL CLASSIFICATION NUMBER |
| Classification number |
823.914 |
| Edition number |
22 |
| 100 1# - MAIN ENTRY--PERSONAL NAME |
| Personal name |
Le Carré, John, |
| Dates associated with a name |
1931- |
| 9 (RLIN) |
11818 |
| 245 14 - TITLE STATEMENT |
| Title |
The little drummer girl / |
| Statement of responsibility, etc. |
John Le Carré. |
| 250 ## - EDITION STATEMENT |
| Edition statement |
1st Scribner trade pbk. ed. |
| 260 ## - PUBLICATION, DISTRIBUTION, ETC. |
| Place of publication, distribution, etc. |
London : |
| Name of publisher, distributor, etc. |
Hodder and Stonghton, |
| Date of publication, distribution, etc. |
2006. |
| 300 ## - PHYSICAL DESCRIPTION |
| Extent |
572 p. ; |
| Dimensions |
22 cm. |
| 650 #0 - SUBJECT ADDED ENTRY--TOPICAL TERM |
| Topical term or geographic name entry element |
Terrorism |
| General subdivision |
Prevention |
| Form subdivision |
Fiction. |
| 9 (RLIN) |
7966 |
| 650 #0 - SUBJECT ADDED ENTRY--TOPICAL TERM |
| Topical term or geographic name entry element |
British |
| Geographic subdivision |
Middle East |
| Form subdivision |
Fiction. |
| 9 (RLIN) |
27915 |
| 650 #0 - SUBJECT ADDED ENTRY--TOPICAL TERM |
| Topical term or geographic name entry element |
Intelligence officers |
| Form subdivision |
Fiction. |
| 9 (RLIN) |
11782 |
| 650 #0 - SUBJECT ADDED ENTRY--TOPICAL TERM |
| Topical term or geographic name entry element |
Women spies |
| Form subdivision |
Fiction. |
| 9 (RLIN) |
27916 |
| 650 #0 - SUBJECT ADDED ENTRY--TOPICAL TERM |
| Topical term or geographic name entry element |
Actresses |
| Form subdivision |
Fiction. |
| 9 (RLIN) |
11760 |
| 651 #0 - SUBJECT ADDED ENTRY--GEOGRAPHIC NAME |
| Geographic name |
Middle East |
| Form subdivision |
Fiction. |
| 9 (RLIN) |
27917 |
| 655 #7 - INDEX TERM--GENRE/FORM |
| Genre/form data or focus term |
Spy stories. |
| Source of term |
gsafd |
| 9 (RLIN) |
8087 |
| 856 42 - ELECTRONIC LOCATION AND ACCESS |
| Materials specified |
Contributor biographical information |
| Uniform Resource Identifier |
<a href="http://www.loc.gov/catdir/bios/simon053/2003066306.html">http://www.loc.gov/catdir/bios/simon053/2003066306.html</a> |
| 856 42 - ELECTRONIC LOCATION AND ACCESS |
| Materials specified |
Publisher description |
| Uniform Resource Identifier |
<a href="http://www.loc.gov/catdir/description/simon052/2003066306.html">http://www.loc.gov/catdir/description/simon052/2003066306.html</a> |
| 856 41 - ELECTRONIC LOCATION AND ACCESS |
| Materials specified |
Sample text |
| Uniform Resource Identifier |
<a href="http://www.loc.gov/catdir/enhancements/fy0905/2003066306-s.html">http://www.loc.gov/catdir/enhancements/fy0905/2003066306-s.html</a> |
| 906 ## - LOCAL DATA ELEMENT F, LDF (RLIN) |
| a |
7 |
| b |
cbc |
| c |
orignew |
| d |
1 |
| e |
ocip |
| f |
20 |
| g |
y-gencatlg |
| 942 ## - ADDED ENTRY ELEMENTS (KOHA) |
| Source of classification or shelving scheme |
|
| Koha item type |
Book |